Thơ Tú Xương

Đã lưu trong:
Chi tiết về thư mục
Tác giả chính: Tú Xương
Tác giả khác: Lữ Huy Nguyên (Tuyển chọn và biên soạn)
Định dạng: Sách
Ngôn ngữ:Vietnamese
Được phát hành: H. Văn Học 1998
Loạt:Văn học cổ cận đại Việt Nam
Những chủ đề:
Các nhãn: Thêm thẻ
Không có thẻ, Là người đầu tiên thẻ bản ghi này!
Thư viện lưu trữ: Mạng thư viện Đại học Đà Nẵng
LEADER 01135nam a2200349 4500
001 000014677
003 11047
005 20120511090513.0
008 120511s1998 viesd
020 |c 10000đ 
041 0 |a vie 
082 |a 895.9221  |b TU-X 
100 0 |a Tú Xương 
245 0 |a Thơ Tú Xương  |c Tú Xương ; Lữ Huy Nguyên 
260 |a H.  |b Văn Học  |c 1998 
300 |a 131 tr.  |c 19 cm 
490 |a Văn học cổ cận đại Việt Nam 
653 |a Văn học cổ cận đại 
653 |a Việt Nam 
653 |a Thơ 
700 |a Lữ Huy Nguyên  |e Tuyển chọn và biên soạn 
910 |a Nguyễn Thị Kim Oanh  |d 16/08/2011 
OWN |a LSP 
AVA |a UDN50  |b LSP  |d 895.9221 TU-X  |e available  |t Error 5001 Not defined in file expand_doc_bib_avail.  |f 2  |g 0  |h N  |i 0  |k 1 
999 |a From the UDN01 
AVA |a UDN50  |b LSP  |d 895.9221 TU-X  |e available  |t Error 5001 Not defined in file expand_doc_bib_avail.  |f 2  |g 0  |h N  |i 0  |k 1 
TYP |a Monograph 
TYP |a Printed language 
980 |a Mạng thư viện Đại học Đà Nẵng